[Event "Dresden ZMD op"]
[Site "Dresden"]
[Date "2017.07.29"]
[Round "1"]
[White "Braeuer, Felix"]
[Black "Onyshchuk, Volodymyr"]
[Result "0-1"]
[WhiteElo "2102"]
[BlackElo "2610"]
[PlyCount "66"]
[EventDate "2017.07.29"]
[EventType "swiss"]
[EventRounds "9"]
[EventCountry "GER"]
[SourceTitle "CBM 179 Extra"]
[Source "ChessBase"]
[SourceDate "2017.08.23"]
[SourceVersion "1"]
[SourceVersionDate "2017.08.23"]
[SourceQuality "1"]

1. e4 d6 2. d4 Nf6 3. Nc3 g6 4. f4 Bg7 5. Nf3 0-0 6. Bd3 Na6 7. 0-0 c5 8. d5 Bg4 9. Qe2 Rb8 10. Bxa6 bxa6 11. Qxa6 Nh5 12. Qd3 Qb6 13. Kh1 Bc8 14. a4 f5 15. e5 Rd8 16. Re1 Bb7 17. a5 Qa6 18. Qd1 Ba8 19. Nh4 Qc8 20. Nf3 Rb4 21. exd6 exd6 22. Bd2 Re8 23. b3 Nxf4 24. Rxe8+ Qxe8 25. Qe1 Qd7 26. Rd1 Bxc3 27. Bxc3 Re4 28. Qf1 Nxd5 29. Bd2 Bc6 30. Ng5 Re8 31. Qc4 h6 32. Nh3 Re4 33. Qa6 Bb5 0-1